000 00398nam a2200133Ia 4500
008 100328s9999 xx 000 0 und d
082 _b6713
100 _aवरेरकर भार्गवराम विठ्ठल
245 _aनामा-मिराळा
260 _b---
630 _aनामा-मिराळा
730 _aनामा-मिराळा
942 _cBOOK
999 _c502585
_d502582